| 000 | 00811nam a2200277Ia 4500 | ||
|---|---|---|---|
| 003 | OSt | ||
| 005 | 20220928125023.0 | ||
| 006 | a|||||r|||| 00| 0 | ||
| 007 | ta | ||
| 008 | 220927b |||||||| |||| 00| 0 eng d | ||
| 020 | _c799 | ||
| 024 | _a127424 | ||
| 037 |
_b364, 13/11/2015, Kiran Book Service _cTextual |
||
| 040 |
_aSDCL _cSDCL _beng |
||
| 041 |
_2eng _aeng |
||
| 082 | _aW, N5 | ||
| 100 |
_aMarsh David Ed. _9439892 |
||
| 245 | 0 | _aTheory and methods in political science | |
| 250 | _a3rd | ||
| 260 |
_aHoundmills _bPalgrave Macmillan _c2015 |
||
| 300 |
_axvi;392p. _ccm. |
||
| 650 | _aPolitical Science | ||
| 700 |
_a Stoker Gerry Ed. _9467616 |
||
| 942 |
_hW, N5 _cTEXL _2CC |
||
| 999 |
_c780490 _d780490 |
||